01017nam a2200313 i 450000100060000000300090000600500170001500800390003202000150007104000360008604100080012204600090013008000120013908000120015124500900016326000560025330000470030938000160035638800140037238800140038665000260040065500300042665800160045670000460047285600980051894200120061699900170062895200580064537478KOSZ 00520220517135245.0961010s1985 pl f |000 0 pol a8301063181 cKOSZ 005aKOSZ 005dKOSZ 005/HR apol k1965 a159.922 a(075.8)70aPsychologia rozwojowa dzieci i młodzieży.n[Cz.3] /cpod red. Marii Żebrowskiej. aWarszawa :bPaństwowe Wydawnictwo Naukowe,c1986. aS.[684]-875 :bfot., rys., wykr. ;c25 cm. aKsiążki a1901-2000 a1945-1989 7aPsychologia rozwojowa 7aPodręczniki akademickie aPsychologia1 aŻebrowska, Mariad(1900-1978)eRedakcja uhttp://koha.tu.koszalin.pl/cgi-bin/koha/opac-detail.pl?biblionumber=37478yKatalog online BPK cKS2UKD c37478d37478 00104071aBPKbBPKcco53715p01494334t159.9 PyKS